000 00616nam a22001937a 4500
003 OSt
005 20241112143829.0
008 241112b |||||||| |||| 00| 0 eng d
020 _a9780538470964
040 _c.
050 _aQA76.9
_b.D3 A339333
100 _aAdamski, Joseph J.
245 _aNew Perspectives on Microsoft Access 2010/
_bcomprehensive
_cJoseph J. Adamski & Kathleen T. Finnegan
260 _aAustralia
_bCourse Technology Cengage Learning
_c2011
300 _axvi. various pagings
_bill. color
_c27.5cm
650 _2Microsoft Office Access
700 _aFinnegan, Kathleen T.
942 _2lcc
_cBK
_n0
999 _c1068
_d1068